000 01167nam a2200301 i 4500
001 bg
245 0 0 _aRegion Bałtycki w nowej Europie =
_bThe Baltic region in the ne Europe /
_cpod red. Tomasza Parteki, Jacka Szlachty, Wiktora Szydarowskiego.
260 _aWarszawa :
_bKPZK PAN,
_c2005.
300 _a205, [2] s. :
_bil. ;
_c21 cm.
490 1 _aBiuletyn / Polska Akademia Nauk. Komitet Przestrzennego Zagospodarowania Kraju,
_x0079-3493 ;
_vZ. 217
500 _aTekst częśc. ang.
504 _aBibliogr. przy ref.
610 2 9 _aUnia Europejska
_xa bałtycki, region
650 9 _aPolityka regionalna
_xPolska
651 9 _aBałtycki, region
_xa Unia Europejska
655 _aMateriały konferencyjne
700 1 _aPARTEKA, Tomasz
_d(1944- ).
_eRed.
700 1 _aSZLACHTA, Jacek.
_eRed.
700 1 _aSZYDAROWSKI, Wiktor.
_eRed.
830 0 _aBiuletyn (Polska Akademia Nauk. Komitet Przestrzennego Zagospodarowania Kraju) ;
_vZ. 217
020 _a8389693356
040 _cBPK
041 0 _apoleng
080 _a332.1:339.92(261.24-194.2:4-67)"1989/..."(061)
920 _a83-89693-35-6
942 _cKS
008 s pl f |000 0 pol
999 _c46163
_d46163
856 _uhttp://koha.tu.koszalin.pl/cgi-bin/koha/opac-detail.pl?biblionumber=46163
_yKatalog online BPK